Managing smart: (Record no. 9522)

MARC details
000 -LEADER
fixed length control field 00624nam a22002177a 4500
003 - CONTROL NUMBER IDENTIFIER
control field OSt
005 - DATE AND TIME OF LATEST TRANSACTION
control field 20250922132822.0
008 - FIXED-LENGTH DATA ELEMENTS--GENERAL INFORMATION
fixed length control field 250922b |||||||| |||| 00| 0 eng d
020 ## - INTERNATIONAL STANDARD BOOK NUMBER
International Standard Book Number 0884157520
040 ## - CATALOGING SOURCE
Transcribing agency MUST
082 ## - DEWEY DECIMAL CLASSIFICATION NUMBER
Edition number 658 MIL 1999
100 ## - MAIN ENTRY--PERSONAL NAME
Personal name Milgram, Lynne
9 (RLIN) 19386
245 ## - TITLE STATEMENT
Title Managing smart:
Remainder of title 325 high performance tips every manager must know/
Statement of responsibility, etc. Lynne Milgram
250 ## - EDITION STATEMENT
Edition statement 21 ed.
260 ## - PUBLICATION, DISTRIBUTION, ETC. (IMPRINT)
Place of publication, distribution, etc. Houston :
Name of publisher, distributor, etc. Cashman Dudley
Date of publication, distribution, etc. 1999
300 ## - PHYSICAL DESCRIPTION
Extent xix, 412p.
Other physical details ill.
Dimensions 23cm
504 ## - BIBLIOGRAPHY, ETC. NOTE
Bibliography, etc References and indexes are included
650 ## - SUBJECT ADDED ENTRY--TOPICAL TERM
Source of heading or term Management
700 ## - ADDED ENTRY--PERSONAL NAME
Personal name Spector Allan
9 (RLIN) 19387
942 ## - ADDED ENTRY ELEMENTS (KOHA)
Source of classification or shelving scheme Dewey Decimal Classification
Koha item type Open Shelf
Holdings
Withdrawn status Lost status Source of classification or shelving scheme Damaged status Not for loan Home library Current library Date acquired Source of acquisition Inventory number Total Checkouts Full call number Barcode Date last seen Price effective from Koha item type
    Dewey Decimal Classification     MUST Main Library MUST Main Library 22/09/2025 Donation 10/32710   658 MIL 1999 2025-0037 22/09/2025 22/09/2025 Open Shelf